Statistics for Grab Bag of Geography Facts #1

Click here to take the quiz!

General Stats

  • This quiz has been taken 294 times
    (288 since last reset)
  • The average score is 8 of 12

Answer Stats

HintAnswer% Correct
Country that issues a banknote with Mount Everest on one side and a pair of yaks on the other?Nepal
91%
Largest country entirely south of the equator?Australia
90%
Smallest country in the world?Vatican City
89%
African country entirely surrounded by another country?Lesotho
84%
Country made up of approximately 17,508 islands?Indonesia
83%
Recently-formed country that joined the U.N. in 2011?South Sudan
74%
Country with 17 active volcanoes?Japan
59%
Only Middle Eastern country without a desert?Lebanon
52%
Country that claims Magyar as its national language?Hungary
47%
Only monarchy in the Pacific?Tonga
46%
Country where hottest temperature ever was recorded?Libya
36%
Only country that falls in all four hemispheres?Kiribati
30%

Score Distribution

Percentile by Number Answered

Percent of People with Each Score

Your Score History

You have not taken this quiz since the last reset